000 00477nam a2200157Ia 4500
008 220216s9999 xx 000 0 und d
100 _aGnagne M
245 0 _aMethodological approach to selection in a seedlings evaluation trial (SET)
260 _bHevea 88: IRRDB, 2 August to 7 November 1988, Paris. pp.447-467.
650 _aBranching
650 _aLatex diagnosis
650 _aProduction
650 _aSeedling evaluation trial
650 _aSelection
942 _cJS
999 _c62864
_d62864